00976nam a22002537a 450000500170000000800410001701000140005802000110007203500130008303700150009604000080011108200100011910000160012924501020014526000510024727000790029830000380037749000480041550000560046365000280051994200240054799900170057195201340058820080827160719.0080827t xxu||||| |||| 00| 0 eng d aENG-90775 c250.00 aEN-74308 bDBAD / PUB aDPL a230.2 aNithyananda aLook in before coming to any conclusion :bdiscourse on Bhagavad Gita chapter-6 /cby Nithyananda aBangalorebDhyanapeeta Charitable Trustcc2007 aNithyanandapuri, Kallugophalli, Off Mysore Road, BidadibBangaloree562109 a260p. :bb & w photosc22 cm.(Hb) aBhagavad gita - The song of god : chapter 6 aTalks given in USA on the Bhagavad Gita - Chapter 6 aBhagavadgitaxDiscourse 2ddccENh230.2mNIT c15153d15153 001040718NFICaDBADbDBADd2008-08-27eDBAD / PUBg250.00l0o230.2 NITpEN-74308r2008-09-15 00:00:00v250.00w2008-09-15yEN